00581nam a2200181Ia 4500008004100000020001500041041001200056082001100068100001200079245004200091260003100133300000800164650000700172700001300179942000700192999001500199952018500214221030s9999 xx 000 0 und d a9380097442 aEnglish a105.23 aA. Jain 0aControl Systemscby A. Jain, N. Mehra bVayu Pub.aNew Delhic2009 a426 aEE aN. Mehra cBK c9167d9167 pBE 10885g325.00l0o105.23 eVayu Educationr2024-06-13 00:00:00w2022-10-30yBK003Print4070aMIETLIBbMIETLIBcBL-Academic Block C, FL-2, CUP-32, SH-3, R-3d2010-07-0510HBE